LIBRARY & INFORMATION CENTRE, KCAET, TAVANUR

ONLINE PUBLIC ACCESS CATALOGUE (OPAC)

Good night : Hoe to right it / (Record no. 12430)

MARC details
000 -LEADER
fixed length control field 00375cam a2200145ua 4500
041 ## - LANGUAGE CODE
Language code of text/sound track or separate title eng
082 ## - DEWEY DECIMAL CLASSIFICATION NUMBER
Classification number 421.1
Item number VAL/GO
100 ## - MAIN ENTRY--AUTHOR NAME
Personal name Vallins , G.H .
245 ## - TITLE STATEMENT
Title Good night : Hoe to right it /
260 ## - PUBLICATION, DISTRIBUTION, ETC. (IMPRINT)
Place of publication London :
Name of publisher The English Language book society ,
Year of publication 1962.
300 ## - PHYSICAL DESCRIPTION
Number of Pages 255 ; .
942 ## - ADDED ENTRY ELEMENTS (KOHA)
Koha item type Books
Holdings
Withdrawn status Lost status Damaged status Home library Current library Date acquired Full call number Accession Number Koha item type Public note
Withdrawn     KAUAET Sanskrit University 07/04/2012 421.1 6111 Books Transferred to Sanskrit University
free website counter